Statistiques concernant Stations du tramway de Dijon sur une carte

Cliquez ici pour prendre le quiz!

Statistiques générales

  • Ce quiz a été pris 185 fois
  • Le résultat moyen est 25 sur 38

Réponses sur la Carte

Les réponses sont colorées sur une échelle allant du rouge au vert en fonction du pourcentage des utilisateurs qui les ont devinées à leur premier essai. Vous pouvez retrouver ces pourcentages ci-dessous.
 

Statistiques - réponses

LigneArrêt% Correct
2République
96%
1République
96%
1Darcy
95%
2Darcy
95%
1DIJON Gare
92%
2Toison d'Or
88%
1QUETIGNY Centre - La Parenthèse
85%
2CHENÔVE Centre
82%
1Godrans Les Halles
81%
2Godrans Les Halles
81%
1Foch Gare
80%
1CHU - Hôpitaux
79%
2Foch Gare
79%
2DIJON Valmy
78%
1Auditorium
77%
1Université
77%
2Drapeau
74%
2Monge - Cité de la gastronomie
72%
1Grésilles Trimolet
69%
2Zénith
69%
1Parc des Sports
67%
1Erasme
66%
1Piscine Olympique
64%
1Cap Vert
62%
2Europe - Simone Veil
62%
2Nation
58%
2Junot
56%
1Poincaré
55%
1Grand Marché
47%
21er Mai
43%
1Mazen-Sully
39%
2Giroud
36%
2Bourroches
34%
2Carraz
32%
2Jaurès
26%
2Le Mail
24%
2Pôle Santé
22%
2Valendons
17%

Distribution des résultats

Percentile par nombre de réponses

% des personnes avec chaque résultat

Votre développement - résultats

Vous n’avez pas pris ce quiz